000 00593nam a2200217 i 4500
001 bg
100 1 _aKIRK, Raymond Eller
_d(1890-1957)
245 0 _aEncyclopedia of chemical technology.Vol.1,A to alkanolamines /
_cKirk-Othmer.
250 _a3rd ed.
260 _aNew York :
_bJohn Wiley,
_c1978.
650 9 _aTechnologia chemiczna
655 _aEncyklopedie
700 1 _aOTHMER, Donald Frederick
_d(1904- )
020 _a0471020370
040 _cBPK
041 _apol
080 _a66(03)
920 _a0-471-02037-0
942 _cKS
008 s pl f |000 0 pol
999 _c22468
_d22468
856 _uhttp://koha.tu.koszalin.pl/cgi-bin/koha/opac-detail.pl?biblionumber=22468
_yKatalog online BPK